000 00334nam a22001457a 4500
008 230907b ||||| |||| 00| 0 eng d
020 _a9780520035941
041 _aeng
080 _a618
082 _a618LUK
100 _a15
101 _aGJINE
245 _aTAKING CHANCES ABORTION AND THE DECISION
_cLUKER .K
942 _2udc
_cBK
999 _c60267
_d60267